000 01087nam a22002055i 4500
001 166768
003 ES-MaACL
005 20250825231623.0
008 981002s1876 sp |||| | spa d
040 _aCLM
_bspa
_cCCPB | 3D
100 0 _aLaurencín, Francisco Rafael de Uhagón
_cMarqués de.
_970617
245 1 0 _aMemoria laureada con el accésit por la Real Academia de Ciencias Morales y Políticas en el concurso ordinario de 1873 sobre la influencia que la acumulacion ó división excesiva de la propiedad territorial ejercen en la prosperidad ó decadencia de la agricultura en España /
_cpor Francisco de Uhagon y Guardamino.
260 _aMadrid :
_bImprenta y Librería de Eduardo Martinez (sucesor de Escribano),
_c1876.
300 _a94 p. ;
_c25 cm.
597 _aAntep.
650 7 _aPropiedad rústica
_2embne
_9136780
710 2 _aReal Academia de Ciencias Morales y Políticas (España)
_9222050
852 _aES-MaACL
_jF-M-III-O (III)
_z-- Enc. pasta española
_q-- Falto de la cub. original
_z-- Enc. en un vol. facticio
999 _c166768
_d166768